Statistics for Eight-Thousanders

Click here to take the quiz!

General Stats

  • This quiz has been taken 12 times
  • The average score is 10 of 14

Answer Stats

Answer% Correct
Everest
100%
K2
100%
Annapurna
67%
Broad Peak
67%
Cho Oyu
67%
Gasherbrum 1
67%
Gasherbrum 2
67%
Kangchenjunga
67%
Lhotse
67%
Makalu
67%
Manaslu
67%
Dhaulagiri
50%
Nanga Parbat
50%
Shishapangma
50%

Score Distribution

Percentile by Number Answered

Percent of People with Each Score

Your Score History

You have not taken this quiz